U.S. States of the Bible Belt on a Map - Statistics

General Stats
  • This quiz has been taken 649 times
    647 since last reset
  • The average score is 21 of 22
Answers on the Map
Answers color-coded by a green-red scale on the quiz's map according to % correct below.
 
Answer Stats
U.S. State % Correct
Texas
100%
Florida
99%
Georgia
98%
North Carolina
98%
Oklahoma
98%
South Carolina
98%
Alabama
97%
Arkansas
97%
Kentucky
97%
Louisiana
97%
Tennessee
97%
Virginia
97%
Kansas
96%
Mississippi
96%
Missouri
96%
West Virginia
96%
New Mexico
95%
Ohio
95%
Illinois
94%
Indiana
94%
Colorado
90%
Maryland
90%
No matching quizzes found
Score Distribution
Percent of People with Each Score
Percentile by Number Answered
Your Score History
You have not taken this quiz since the last reset